Normal view
MARC view
- États-Unis
Entry Geographic Name
001 - CONTROL NUMBER
- control field: 97604
003 - CONTROL NUMBER IDENTIFIER
- control field: NUST
005 - DATE AND TIME OF LATEST TRANSACTION
- control field: 20220817102250.0
008 - FIXED-LENGTH DATA ELEMENTS
- fixed length control field: 220817|| aca||aabn | a|a d
040 ## - CATALOGING SOURCE
- Original cataloging agency: NUST
- Transcribing agency: NUST
151 ## - HEADING--GEOGRAPHIC NAME
- Geographic name: États-Unis
- General subdivision: Politique et gouvernement
- General subdivision: Philosophie
670 ## - SOURCE DATA FOUND
- Source citation: Work cat.: (NUST)0: Ricks, Thomas E., author. 1849, First principles :
